000 00750nam a22001817a 4500
999 _c62055
_d62055
003 Ge_BSU
005 20240628092651.0
008 240627s1954 ge ||||| |||| 00| 0 geo d
041 _ageo
080 _a616.24-002.5 ჩ-46
100 _a ჩერვონსკი, ი.პ.
_922619
245 _aტუბერკულოზი და მასთან ბრძოლა /
_cი.პ. ჩერვონსკი; რედ. ლ. საყვარელიძე.
264 _a თბ. :
_bსაქმედგამი,
_c1954.
300 _a40 გვ. ;
_b18 სმ.
653 _aტუბერკულოზი
700 _aსაყვარელიძე, ლ.
_eრედაქტორი
_922620
942 _2udc
_cᲬᲘᲒᲜᲘ